Taxes and Taxation

Salvato in:
Dettagli Bibliografici
Autore principale: Brusov, Peter
Altri autori: Filatova, Tatiana
Natura: Libro
Lingua:inglese
Tags: Aggiungi Tag
Nessun Tag, puoi essere il primo ad aggiungerne!!

MARC

LEADER 00000nam a2200000 4500
001 0315358
005 20260309144402.3
020 |a 9783032110770 
041 0 |a eng 
245 1 0 |a Taxes and Taxation  |c Peter Brusov, Tatiana Filatova 
500 |a ProQuest e-books. 
100 1 |a Brusov, Peter 
700 1 |a Filatova, Tatiana